| 000 | 00407nam a2200157Ia 4500 | ||
|---|---|---|---|
| 008 | 230524s9999 xx 000 0 und d | ||
| 082 |
_a650 _bRUS |
||
| 100 |
_aR.P.Rustagi _927609 |
||
| 245 | 0 | _a"Financial Management : Theory,Concepts and Problems " | |
| 250 | _a3RD | ||
| 260 |
_aNEW DELHI _bGalgotia _c2007 |
||
| 300 | _aXI;1056 | ||
| 500 | _aQuantity Number: 2 | ||
| 650 | _aManagement | ||
| 942 | _cBK | ||
| 999 |
_c40709 _d40709 |
||